[Event "Oberliga Sued W 0910"]
[Site "Germany"]
[Date "2010.04.11"]
[Round "9.3"]
[White "Popitz, Andreas"]
[Black "Klein, Joachim"]
[Result "1-0"]
[WhiteElo "2195"]
[BlackElo "2260"]
[PlyCount "87"]
[EventDate "2009.10.18"]
[EventType "team-tourn"]
[EventRounds "9"]
[EventCountry "GER"]
[SourceTitle "EXT 2011"]
[Source "ChessBase"]
[SourceDate "2010.11.26"]
[SourceVersion "1"]
[SourceVersionDate "2010.11.26"]
[SourceQuality "1"]
[WhiteTeam "Frankenthal"]
[BlackTeam "Illingen"]
[WhiteTeamCountry "GER"]
[BlackTeamCountry "GER"]

1. d4 Nf6 2. Nf3 g6 3. c3 b6 4. Bf4 Bb7 5. e3 Bg7 6. Be2 0-0 7. h3 d6 8. 0-0 Ne4 9. Nbd2 Nd7 10. Nxe4 Bxe4 11. Nd2 Bb7 12. Bf3 Qc8 13. Qa4 c5 14. Bh2 Bxf3 15. Nxf3 Qb7 16. b4 b5 17. Qb3 cxb4 18. Qxb4 a5 19. Qb2 Qc6 20. Rab1 Rab8 21. Rfc1 Rfc8 22. Bg3 h6 23. Qa3 Qa6 24. Nd2 Nb6 25. Qb3 Nc4 26. Nxc4 Rxc4 27. Qxc4 bxc4 28. Rxb8+ Kh7 29. a4 Qc6 30. Rb5 Qe4 31. Rxa5 h5 32. Rb5 h4 33. Bh2 e5 34. dxe5 dxe5 35. a5 Qc6 36. Rbb1 e4 37. Ra1 Qa6 38. Bc7 g5 39. Bb6 Be5 40. Ra2 Bb8 41. Rb1 f5 42. Rd2 f4 43. Rd7+ Kg6 44. Bd4 1-0

[Event "Oberliga Sued W 0910"]
[Site "Germany"]
[Date "2010.02.28"]
[Round "7.4"]
[White "Scheuermann, Gerhard"]
[Black "Popitz, Andreas"]
[Result "1-0"]
[WhiteElo "2186"]
[BlackElo "2195"]
[PlyCount "57"]
[EventDate "2009.10.18"]
[EventType "team-tourn"]
[EventRounds "9"]
[EventCountry "GER"]
[SourceTitle "EXT 2011"]
[Source "ChessBase"]
[SourceDate "2010.11.26"]
[SourceVersion "1"]
[SourceVersionDate "2010.11.26"]
[SourceQuality "1"]
[WhiteTeam "Schwarzenbach"]
[BlackTeam "Frankenthal"]
[WhiteTeamCountry "GER"]
[BlackTeamCountry "GER"]

1. e4 Nf6 2. e5 Nd5 3. d4 d6 4. c4 Nb6 5. f4 dxe5 6. fxe5 c5 7. d5 e6 8. Nc3 exd5 9. cxd5 c4 10. d6 g6 11. Nf3 Bg4 12. Be2 Bg7 13. Bg5 Qd7 14. Ne4 Nc6 15. Nf6+ Bxf6 16. Bxf6 Rg8 17. 0-0 Bxf3 18. Bxf3 h5 19. Qd2 Qe6 20. a4 a5 21. Rad1 Kd7 22. Qf2 Ra6 23. Qc5 Rga8 24. Qb5 R8a7 25. Be4 Qg4 26. Bf3 Qe6 27. Be7 Nc8 28. Bd5 Qg4 29. Bxf7 1-0

[Event "Oberliga Sued W 0607"]
[Site "Germany"]
[Date "2006.11.19"]
[Round "3.5"]
[White "Becker, Joerg"]
[Black "Popitz, Andreas"]
[Result "0-1"]
[WhiteElo "2113"]
[BlackElo "2149"]
[PlyCount "78"]
[EventDate "2006.10.15"]
[EventType "team-tourn"]
[EventRounds "9"]
[EventCountry "GER"]
[SourceTitle "EXT 2009"]
[Source "ChessBase"]
[SourceDate "2008.11.26"]
[SourceVersion "1"]
[SourceVersionDate "2008.11.26"]
[SourceQuality "1"]
[WhiteTeam "Schwarzenbach"]
[BlackTeam "Frankenthal"]
[WhiteTeamCountry "GER"]
[BlackTeamCountry "GER"]

1. e4 Nf6 2. e5 Nd5 3. d4 d6 4. Nf3 Bg4 5. Be2 c6 6. Ng5 Bxe2 7. Qxe2 dxe5 8. dxe5 e6 9. 0-0 Be7 10. Ne4 0-0 11. c4 Nb4 12. Rd1 Qc7 13. Bf4 a5 14. Nbc3 Nd7 15. a3 Na6 16. Nd6 Nac5 17. b4 axb4 18. axb4 Rxa1 19. Rxa1 Na6 20. Rb1 Ra8 21. c5 Rb8 22. Nce4 Qd8 23. Qh5 Qf8 24. Rb3 g6 25. Rg3 Qg7 26. Qf3 Rf8 27. Qe3 Ra8 28. h4 Nxb4 29. Bg5 Nd5 30. Qb3 Rb8 31. Bxe7 Nxe7 32. f4 Nd5 33. Ng5 Nxf4 34. Rf3 Ne2+ 35. Kh1 Qxe5 36. Ndxf7 Qa1+ 37. Kh2 Qg1+ 38. Kh3 Qh1+ 39. Kg4 h5# 0-1

[Event "Oberliga Sued W 0304"]
[Site "Germany"]
[Date "2004.03.28"]
[Round "8.6"]
[White "Peterson, Emery"]
[Black "Popitz, Andreas"]
[Result "1-0"]
[WhiteElo "2171"]
[BlackElo "2150"]
[PlyCount "75"]
[EventDate "2003.10.12"]
[EventType "team"]
[EventRounds "9"]
[EventCountry "GER"]
[SourceTitle "EXT 2006"]
[Source "ChessBase"]
[SourceDate "2005.11.24"]
[SourceVersion "1"]
[SourceVersionDate "2005.11.24"]
[SourceQuality "1"]
[WhiteTeam "Mutterstadt"]
[BlackTeam "Frankenthal"]
[WhiteTeamCountry "GER"]
[BlackTeamCountry "GER"]

1. e4 Nf6 2. e5 Nd5 3. d4 d6 4. c4 Nb6 5. exd6 exd6 6. Bd3 Be7 7. Nc3 Nc6 8. Be3 Bf6 9. Nge2 0-0 10. a3 Bg4 11. Qc2 Bxe2 12. Nxe2 g6 13. h4 d5 14. c5 Nc8 15. h5 N8e7 16. hxg6 fxg6 17. 0-0-0 Qd7 18. Rh3 Nf5 19. g4 Nxe3 20. fxe3 Bg5 21. Rdh1 Rf2 22. Kb1 h6 23. Bxg6 Qxg4 24. Bh7+ Kf8 25. Bd3 Re8 26. Qd1 Rxe3 27. Rxe3 Bxe3 28. Rg1 Qh4 29. Rh1 Qf6 30. Bc2 Nxd4 31. Nxd4 Bxd4 32. Re1 c6 33. Qd3 Bxc5 34. Qh3 d4 35. Qc8+ Kg7 36. Qd7+ Qf7 37. Qg4+ Kh8 38. Qc8+ 1-0

[Event "Oberliga Sued W 0304"]
[Site "Germany"]
[Date "2004.03.07"]
[Round "7.7"]
[White "Sandmeier, Toni"]
[Black "Popitz, Andreas"]
[Result "1/2-1/2"]
[WhiteElo "2229"]
[BlackElo "2150"]
[PlyCount "81"]
[EventDate "2003.10.12"]
[EventType "team"]
[EventRounds "9"]
[EventCountry "GER"]
[SourceTitle "EXT 2006"]
[Source "ChessBase"]
[SourceDate "2005.11.24"]
[SourceVersion "1"]
[SourceVersionDate "2005.11.24"]
[SourceQuality "1"]
[WhiteTeam "Bann"]
[BlackTeam "Frankenthal"]
[WhiteTeamCountry "GER"]
[BlackTeamCountry "GER"]

1. c4 c5 2. Nc3 Nc6 3. g3 g6 4. Bg2 Bg7 5. e3 e5 6. Nge2 Nge7 7. 0-0 0-0 8. b3 d6 9. Bb2 f5 10. Nd5 Kh8 11. d4 f4 12. gxf4 exd4 13. e4 Bg4 14. f3 Bd7 15. a3 b5 16. Nxe7 Nxe7 17. cxb5 Bxb5 18. b4 Qb6 19. Rf2 Rac8 20. Bh3 Rc7 21. Rc1 a5 22. e5 Bxe2 23. Qxe2 axb4 24. axb4 Nd5 25. exd6 Qxd6 26. bxc5 Rxc5 27. Bf1 Nxf4 28. Qe4 Rxc1 29. Bxc1 d3 30. Ra2 Qd4+ 31. Be3 Qf6 32. Ra8 Ne2+ 33. Kf2 Rxa8 34. Qxa8+ Qf8 35. Qxf8+ Bxf8 36. Bxe2 dxe2 37. Kxe2 Bd6 38. h3 Kg8 39. Kd3 Kf7 40. Ke4 Ke6 41. Bd4 1/2-1/2

[Event "Oberliga Sued W 0304"]
[Site "Germany"]
[Date "2004.02.15"]
[Round "6.6"]
[White "Ionescu, Doru Alexandru"]
[Black "Popitz, Andreas"]
[Result "1-0"]
[WhiteElo "2388"]
[BlackElo "2150"]
[PlyCount "117"]
[EventDate "2003.10.12"]
[EventType "team"]
[EventRounds "9"]
[EventCountry "GER"]
[SourceTitle "EXT 2006"]
[Source "ChessBase"]
[SourceDate "2005.11.24"]
[SourceVersion "1"]
[SourceVersionDate "2005.11.24"]
[SourceQuality "1"]
[WhiteTeam "Trier"]
[BlackTeam "Frankenthal"]
[WhiteTeamCountry "GER"]
[BlackTeamCountry "GER"]

1. e4 c6 2. d4 d5 3. e5 Bf5 4. Nc3 a6 5. g4 Bd7 6. a4 e6 7. Be3 c5 8. dxc5 Qa5 9. Nf3 Bxc5 10. Nd4 Bxd4 11. Bxd4 Nc6 12. Qd2 Nxd4 13. Qxd4 Ne7 14. f4 h5 15. Be2 hxg4 16. Bxg4 Rc8 17. Be2 Nf5 18. Qd2 Qb4 19. 0-0-0 Bc6 20. Bd3 d4 21. Be4 Bxe4 22. Nxe4 Qxa4 23. Kb1 Rd8 24. b3 Qb5 25. Nd6+ Rxd6 26. exd6 Kd7 27. Rhe1 Qb6 28. Qg2 Rc8 29. Re5 Qc6 30. Qe2 Qxd6 31. Qf2 Rc5 32. Qf3 Kc7 33. Qh5 Rxe5 34. Qxf7+ Qd7 35. Qxd7+ Kxd7 36. fxe5 Kc6 37. c4 b5 38. Kb2 Kc5 39. Rc1 bxc4 40. bxc4 Ne3 41. h4 Ng2 42. h5 Nf4 43. Kb3 Nxh5 44. Ra1 Ng3 45. Rxa6 Ne4 46. Ra5+ Kc6 47. Kc2 Nc5 48. Ra7 Nd7 49. Kd3 Nxe5+ 50. Kxd4 Nf3+ 51. Ke4 Nd2+ 52. Kd3 Nb3 53. Rxg7 e5 54. Kc3 Nd4 55. Ra7 Kc5 56. Ra5+ Kd6 57. Kd3 Nc6 58. Rd5+ Ke6 59. Ke4 1-0

[Event "Oberliga Sued W 0304"]
[Site "Germany"]
[Date "2003.12.14"]
[Round "4.7"]
[White "Otterstaetter, Stefan"]
[Black "Popitz, Andreas"]
[Result "1-0"]
[WhiteElo "2178"]
[BlackElo "2150"]
[PlyCount "81"]
[EventDate "2003.10.12"]
[EventType "team"]
[EventRounds "9"]
[EventCountry "GER"]
[SourceTitle "EXT 2006"]
[Source "ChessBase"]
[SourceDate "2005.11.24"]
[SourceVersion "1"]
[SourceVersionDate "2005.11.24"]
[SourceQuality "1"]
[WhiteTeam "Ludwigshafen"]
[BlackTeam "Frankenthal"]
[WhiteTeamCountry "GER"]
[BlackTeamCountry "GER"]

1. d4 Nf6 2. Nf3 c5 3. d5 d6 4. c4 e5 5. Nc3 Be7 6. e4 a6 7. h3 h5 8. Be3 h4 9. Be2 g6 10. Nd2 Nh5 11. Bxh5 Rxh5 12. f4 exf4 13. Bxf4 Bg5 14. Qf3 Bxf4 15. Qxf4 Qe7 16. 0-0 Nd7 17. Nf3 g5 18. Qd2 Ne5 19. Qe2 g4 20. Nxe5 Rxe5 21. hxg4 Bd7 22. Qf3 Rg5 23. e5 Rxe5 24. g5 0-0-0 25. Qf6 Rg8 26. Qxe7 Rxe7 27. Rf4 Rxg5 28. Rxh4 Rg4 29. Rxg4 Bxg4 30. Kf2 Bd7 31. Kf3 b5 32. b3 bxc4 33. bxc4 Bf5 34. Rh1 Rb7 35. g4 Bd3 36. Ne4 Re7 37. Nxd6+ Kd7 38. Rh6 a5 39. Nb7 Bxc4 40. Nxc5+ Kc8 41. d6 1-0

[Event "Oberliga Sued W 0304"]
[Site "Germany"]
[Date "2003.11.23"]
[Round "3.6"]
[White "Schatz, Dieter"]
[Black "Popitz, Andreas"]
[Result "1/2-1/2"]
[WhiteElo "2223"]
[BlackElo "2150"]
[PlyCount "47"]
[EventDate "2003.10.12"]
[EventType "team"]
[EventRounds "9"]
[EventCountry "GER"]
[SourceTitle "EXT 2006"]
[Source "ChessBase"]
[SourceDate "2005.11.24"]
[SourceVersion "1"]
[SourceVersionDate "2005.11.24"]
[SourceQuality "1"]
[WhiteTeam "Landau"]
[BlackTeam "Frankenthal"]
[WhiteTeamCountry "GER"]
[BlackTeamCountry "GER"]

1. e4 Nf6 2. Nc3 d5 3. e5 Ng8 4. d4 Bf5 5. Nge2 e6 6. Ng3 Bg6 7. Be3 Ne7 8. Be2 Nf5 9. Nxf5 Bxf5 10. 0-0 Be7 11. g4 Bg6 12. f4 f5 13. exf6 Bxf6 14. g5 Be7 15. Bh5 Bxh5 16. Qxh5+ g6 17. Qg4 Qd7 18. Rae1 Nc6 19. Bf2 Kf7 20. Ne2 Bf8 21. c3 Ne7 22. Nc1 Nf5 23. Nd3 Bd6 24. Re2 1/2-1/2

[Event "Curacao 40th anniv op"]
[Site "Curacao"]
[Date "2002.11.18"]
[Round "1"]
[White "Zapata, Alonso"]
[Black "Popitz, Andreas"]
[Result "1-0"]
[WhiteElo "2556"]
[BlackElo "2164"]
[PlyCount "91"]
[EventDate "2002.11.02"]
[EventType "swiss"]
[EventRounds "9"]
[EventCountry "AHO"]
[SourceTitle "CBM 091 Extra"]
[Source "ChessBase"]
[SourceDate "2003.01.09"]
[SourceVersion "1"]
[SourceVersionDate "2003.01.09"]
[SourceQuality "1"]

1. e4 e5 2. Nf3 Nc6 3. Bb5 a6 4. Ba4 Nf6 5. d4 exd4 6. 0-0 Be7 7. Re1 0-0 8. e5 Nd5 9. Nxd4 Nxd4 10. Qxd4 Nb6 11. Bb3 d5 12. exd6 Qxd6 13. Qe4 Bf6 14. Bf4 Qc6 15. Qxc6 bxc6 16. c3 Nd5 17. Bg3 a5 18. Na3 a4 19. Bxd5 cxd5 20. Bxc7 d4 21. Be5 Bxe5 22. Rxe5 dxc3 23. bxc3 Be6 24. Re2 Rfc8 25. Rc1 Rc5 26. f3 Rac8 27. c4 Kf8 28. Kf2 Ke7 29. Rb2 R8c7 30. Rb4 Ra5 31. Rd1 Rd7 32. Rxd7+ Bxd7 33. Ke3 Rg5 34. Rb2 Rh5 35. g3 Kd6 36. Kd4 f6 37. f4 g5 38. c5+ Kc7 39. fxg5 fxg5 40. Nc4 Rh6 41. Nd6 Bc6 42. Rf2 g4 43. Kc4 Bd7 44. Nb5+ Kd8 45. Nd4 Ke7 46. a3 1-0

[Event "Oberliga Sued W 0203"]
[Site "Germany"]
[Date "2002.11.03"]
[Round "3.3"]
[White "Koch, Hans Juergen"]
[Black "Popitz, Andreas"]
[Result "0-1"]
[WhiteElo "2279"]
[BlackElo "2164"]
[PlyCount "52"]
[EventDate "2002.10.??"]
[EventType "team"]
[EventRounds "9"]
[EventCountry "GER"]
[SourceTitle "EXT 2005"]
[Source "ChessBase"]
[SourceDate "2004.11.15"]
[SourceVersion "1"]
[SourceVersionDate "2004.11.15"]
[SourceQuality "1"]

1. c4 e6 2. g3 d5 3. Bg2 Nf6 4. Nf3 Be7 5. 0-0 0-0 6. d4 dxc4 7. Qc2 a6 8. Qxc4 b5 9. Qc2 Bb7 10. Nc3 Qc8 11. Bg5 c5 12. Bxf6 Bxf6 13. Ne4 Bxe4 14. Qxe4 Ra7 15. Rac1 Rc7 16. Qf4 c4 17. e4 Nc6 18. Rfd1 Bxd4 19. Rxd4 e5 20. Nxe5 Nxd4 21. Re1 c3 22. bxc3 Rxc3 23. h4 Rc1 24. Rxc1 Qxc1+ 25. Kh2 Qxf4 26. gxf4 Rc8 0-1

[Event "Oberliga Sued W 0102"]
[Site "Germany"]
[Date "2002.01.13"]
[Round "?"]
[White "Popitz, Andreas"]
[Black "Mischke, Luis"]
[Result "1-0"]
[WhiteElo "2182"]
[BlackElo "2012"]
[PlyCount "67"]
[EventDate "2001.10.09"]
[EventType "team"]
[EventRounds "9"]
[EventCountry "GER"]
[SourceTitle "EXT 2003"]
[Source "ChessBase"]
[SourceDate "2002.11.25"]
[SourceVersion "1"]
[SourceVersionDate "2002.11.25"]
[SourceQuality "1"]

1. Nf3 Nf6 2. d4 g6 3. Bf4 Bg7 4. e3 d6 5. h3 0-0 6. Be2 c5 7. c3 Qb6 8. Qb3 Qxb3 9. axb3 Nc6 10. 0-0 cxd4 11. exd4 e5 12. dxe5 Nd5 13. Bh2 dxe5 14. Rd1 Nde7 15. b4 f6 16. Bc4+ Kh8 17. Nbd2 Bf5 18. Nh4 a6 19. Nxf5 gxf5 20. Nb3 Rfd8 21. Nc5 Rxd1+ 22. Rxd1 Rd8 23. Rxd8+ Nxd8 24. f4 Nec6 25. Bd5 e4 26. Kf1 a5 27. Bxc6 Nxc6 28. b5 Na7 29. c4 Bf8 30. Nxb7 Bb4 31. Bg1 Nc8 32. c5 Bxc5 33. Nxc5 Nb6 34. b3 1-0

[Event "Bad Woerishofen op 17th"]
[Site "Bad Woerishofen"]
[Date "2001.??.??"]
[Round "2"]
[White "Poehler, Margit"]
[Black "Popitz, Andreas"]
[Result "0-1"]
[WhiteElo "1780"]
[BlackElo "2188"]
[PlyCount "44"]
[EventDate "2001.03.15"]
[EventType "swiss"]
[EventRounds "9"]
[EventCountry "GER"]
[SourceTitle "CBM 081 Extra"]
[Source "ChessBase"]
[SourceDate "2001.05.06"]
[SourceVersion "1"]
[SourceVersionDate "2001.05.06"]
[SourceQuality "1"]

1. d4 Nf6 2. c4 c5 3. d5 e6 4. Nc3 exd5 5. cxd5 d6 6. e4 g6 7. f4 Bg7 8. h3 0-0 9. Nf3 Re8 10. Bd3 Nxe4 11. Nxe4 f5 12. Nfg5 fxe4 13. Bb5 Qa5+ 14. Kf2 Qxb5 15. Re1 e3+ 16. Bxe3 Qxb2+ 17. Bd2 Rf8 18. Rb1 Qd4+ 19. Kg3 h6 20. Nf3 Qxd5 21. Re7 Bf6 22. Rc7 Na6 0-1

[Event "Bad Woerishofen op 16th"]
[Site "Bad Woerishofen"]
[Date "2000.03.20"]
[Round "4"]
[White "Epishin, Vladimir"]
[Black "Popitz, Andreas"]
[Result "1-0"]
[WhiteElo "2667"]
[BlackElo "2177"]
[PlyCount "39"]
[EventDate "2000.03.??"]
[EventType "swiss"]
[EventRounds "9"]
[EventCountry "GER"]
[SourceTitle "CBM 075 Extra"]
[Source "ChessBase"]
[SourceDate "2000.05.11"]
[SourceVersion "2"]
[SourceVersionDate "2000.05.11"]
[SourceQuality "1"]

1. d4 d5 2. c4 e6 3. Nc3 Be7 4. Nf3 Nf6 5. Bf4 0-0 6. e3 a6 7. Qc2 Nbd7 8. cxd5 exd5 9. g4 c6 10. Bd3 g6 11. h4 Ne4 12. g5 Nxc3 13. bxc3 c5 14. h5 Qb6 15. hxg6 hxg6 16. Rh6 Kg7 17. Ne5 Rh8 18. Nxd7 Bxd7 19. Be5+ f6 20. Bxf6+ 1-0

[Event "Bad Woerishofen op 16th"]
[Site "Bad Woerishofen"]
[Date "2000.03.18"]
[Round "2"]
[White "Schlindwein, Rolf"]
[Black "Popitz, Andreas"]
[Result "0-1"]
[WhiteElo "2442"]
[BlackElo "2177"]
[PlyCount "46"]
[EventDate "2000.03.??"]
[EventType "swiss"]
[EventRounds "9"]
[EventCountry "GER"]
[SourceTitle "CBM 075 Extra"]
[Source "ChessBase"]
[SourceDate "2000.05.11"]
[SourceVersion "2"]
[SourceVersionDate "2000.05.11"]
[SourceQuality "1"]

1. d4 d5 2. Bf4 Nf6 3. e3 c5 4. c3 Qb6 5. Qb3 c4 6. Qxb6 axb6 7. Nd2 b5 8. Bxb8 Rxb8 9. h3 Bf5 10. g4 Bg6 11. Bg2 e6 12. Ne2 h6 13. f3 b4 14. e4 b5 15. 0-0 bxc3 16. bxc3 Ba3 17. exd5 Nxd5 18. f4 Bd3 19. Bxd5 exd5 20. f5 0-0 21. Rfe1 Bb2 22. Nf4 Bxc3 23. Nxd3 Bxa1 0-1